000
00302nam a22001337a 4500
008
170405b xxu||||| |||| 00| 0 eng d
020
_a
034406206148
041
_a
eng
080
_a
574
100
_a
9
101
_a
shm
245
_a
THE COMPLETE GARDEN GUIDE
_c
TIME LIFE BOOKS
942
_2
udc
_c
BK
999
_c
9829
_d
9829